Salades - Statistiques

Statistiques générales
  • Ce quiz a été pris 86 fois
  • Le résultat moyen est 7 sur 15
Statistiques - réponses
Par images Hint Réponse % Correct
Ennemi du Titanic Iceberg
91%
Synonyme de Croque Mache
91%
La plus connue Laitue
88%
L'arbre à gland Feuille de chène
76%
Style de coiffure Frisée
73%
En dessert Salade de fruit
71%
Gentilé néerlandais Batavia
65%
Style de chicorée Scarole
35%
Galerie ou Église Romaine
28%
Nom ou ville italienne Chicorée rouge / Trévise
23%
Surnom abrégé Laura Lolo
23%
Deux noms Pissenlit / Dandelion
16%
Localiser "La Salade" Toulouse
10%
Synonyme Mentir
6%
Elle vient du midi Rougette
0%
Aucun quiz correspondant
Distribution des résultats
% des personnes avec chaque résultat
Percentile par nombre de réponses
Votre historique - résultats
Vous n’avez pas pris ce quiz